Ulises / (Record no. 126877)

MARC details
000 -LEADER
campo de control de longitud fija 02343cam a2200421Ia 4500
001 - NÚMERO DE CONTROL
campo de control 78268
003 - IDENTIFICADOR DE NÚMERO DE CONTROL
campo de control BJBSDDR
005 - FECHA Y HORA DE LA ÚLTIMA TRANSACCIÓN
campo de control 20260421152728.0
007 - CAMPO FIJO DE DESCRIPCIÓN FÍSICA--INFORMACIÓN GENERAL
campo de control de longitud fija ta
008 - DATOS DE LONGITUD FIJA--INFORMACIÓN GENERAL
campo de control de longitud fija 260421s2010 enk 000 0 eng d
020 ## - NÚMERO INTERNACIONAL ESTÁNDAR DEL LIBRO
Número Internacional Estándar del Libro 9781840226355
035 ## - NÚMERO DE CONTROL DEL SISTEMA
Número de control de sistema (OCoLC)ocn182939410
035 ## - NÚMERO DE CONTROL DEL SISTEMA
Número de control de sistema (OCoLC)182939410
040 ## - FUENTE DE CATALOGACIÓN
Centro catalogador/agencia de origen SIBDI
Lengua de catalogación eng
Centro/agencia transcriptor SIBDI
Centro/agencia modificador SIBDI
041 ## - CÓDIGO DE IDIOMA
Código de lengua del texto/banda sonora o título independiente eng
049 ## - FONDOS LOCALES (OCLC)
Biblioteca depositaria GRAL
050 14 - SIGNATURA TOPOGRÁFICA DE LA BIBLIOTECA DEL CONGRESO
Número de ítem J89ul 2010
082 00 - NÚMERO DE LA CLASIFICACIÓN DECIMAL DEWEY
Número de clasificación 891.623
100 1# - ENTRADA PRINCIPAL--NOMBRE DE PERSONA
Nombre de persona Joyce, James,
Fechas asociadas al nombre 1882-1941
9 (RLIN) 19216
245 10 - MENCIÓN DEL TÍTULO
Título Ulises /
Mención de responsabilidad, etc. James Joyce ; with an introduction by Cedric Watts.
260 ## - PUBLICACIÓN, DISTRIBUCIÓN, ETC.
Lugar de publicación, distribución, etc. Ware :
Nombre del editor, distribuidor, etc. Wordsworth,
Fecha de publicación, distribución, etc. 2010.
300 ## - DESCRIPCIÓN FÍSICA
Extensión 739 pages :
Otras características físicas translations (color) ;
Dimensiones 19 cm.
490 1# - MENCIÓN DE SERIE
Mención de serie Wordsworth Classics.
500 ## - NOTA GENERAL
Nota general Título original: Ulysses
520 ## - RESUMEN, ETC.
Sumario, etc. Publicada en 1922, Ulises es la gran novela del siglo xx. Las tribulaciones de Leopold Bloom a lo largo de un solo día por las calles de Dublín sirvieron a Joyce para crear una odisea verbal fascinante con la que revolucionó el género para siempre y marcó un hito en la historia de la lengua inglesa. Por medio del monólogo interior, Joyce supo reflejar por primera vez la vida mental del ser humano y compuso la que sería su gran épica moderna. Cada capítulo del libro es un prodigio de invención estilística, una fiesta de la inteligencia y la imaginación que, hoy como ayer, sigue deslumbrando por la magnitud de su ambición y su torrencial polifonía. La ya clásica versión de José María Valverde, considerada la mejor en español por haber sabido conservar el virtuosismo léxico y fonético del original, obtuvo el Premio Nacional de Traducción en 1976. Revisada por él mismo en 1988, ahora, cuando se celebra el centenario de la novela, Lumen presenta esta nueva edición prologada, revisada y actualizada por Andreu Jaume a partir de toda la información aparecida sobre la obra en las últimas décadas.
650 #4 - PUNTO DE ACCESO ADICIONAL DE MATERIA--TÉRMINO DE MATERIA
Término de materia o nombre geográfico como elemento de entrada Literatura inglesa
9 (RLIN) 146
650 #4 - PUNTO DE ACCESO ADICIONAL DE MATERIA--TÉRMINO DE MATERIA
Término de materia o nombre geográfico como elemento de entrada Novela inglesa
9 (RLIN) 1933
650 #0 - PUNTO DE ACCESO ADICIONAL DE MATERIA--TÉRMINO DE MATERIA
Término de materia o nombre geográfico como elemento de entrada City and town life
Subdivisión de forma Fiction.
650 #0 - PUNTO DE ACCESO ADICIONAL DE MATERIA--TÉRMINO DE MATERIA
Término de materia o nombre geográfico como elemento de entrada Male friendship
Subdivisión de forma Fiction.
650 #0 - PUNTO DE ACCESO ADICIONAL DE MATERIA--TÉRMINO DE MATERIA
Término de materia o nombre geográfico como elemento de entrada Married people
Subdivisión de forma Fiction.
650 #0 - PUNTO DE ACCESO ADICIONAL DE MATERIA--TÉRMINO DE MATERIA
Término de materia o nombre geográfico como elemento de entrada Jewish men
Subdivisión de forma Fiction.
650 #0 - PUNTO DE ACCESO ADICIONAL DE MATERIA--TÉRMINO DE MATERIA
Término de materia o nombre geográfico como elemento de entrada Artists
Subdivisión de forma Fiction.
651 #0 - PUNTO DE ACCESO ADICIONAL DE MATERIA--NOMBRE GEOGRÁFICO
Nombre geográfico Dublin (Ireland)
Subdivisión de forma Fiction.
700 1# - ENTRADA AGREGADA--NOMBRE PERSONAL
Nombre de persona Watts, Cedric,
Fechas asociadas al nombre 1937-2022
9 (RLIN) 48049
830 0# - PUNTO DE ACCESO ADICIONAL DE SERIE-TÍTULO UNIFORME
Título uniforme Wordsworth classics
9 (RLIN) 29994
942 ## - ELEMENTOS DE ENTRADA SECUNDARIOS (KOHA)
Fuente del sistema de clasificación o colocación Clasificación de Library of Congress
Tipo de ítem Koha Libro
946 ## - PROCESAMIENTO DE INFORMACIÓN LOCAL (OCLC)
Iniciales del agente catalogador rmza
Holdings
Estatus retirado Estado de pérdida Fuente del sistema de clasificación o colocación Estado de daño No para préstamo Colección Biblioteca de origen Biblioteca actual Ubicación en estantería Fecha de adquisición Signatura topográfica completa Código de barras Visto por última vez Copia número Tipo de ítem Koha
    Clasificación de Library of Congress     Automatización y Procesos Técnicos Biblioteca Juan Bosch Biblioteca Juan Bosch Automatización y Procesos Técnicos (1er. Piso) 21/04/2026 J89ul 2010 00000183842 21/04/2026 1 Libro